| 000 | 01009nam a2200253Ia 4500 | ||
|---|---|---|---|
| 003 | GCL | ||
| 005 | 20240530110910.0 | ||
| 008 | 140319s2000 le g 000 0 ara d | ||
| 040 |
_aGCL / _cGCL |
||
| 082 | 0 | 4 |
_a320.54095694/ _bج ر |
| 100 | 1 | _aجارودى، روجيه | |
| 245 | 1 | 0 |
_aروجيه غارودى يقاضى الصهيونية الاسرائيلية / _cروجيه جارودى ؛ ترجمة رانيا بوناصف، بيار ريشا ؛ مراجعة وتحرير هنرى زغيب |
| 250 | _aط.2 | ||
| 260 |
_aبيروت : _bعويدات للنشر والطباعة، _c2000 |
||
| 300 |
_a142 ص ؛ _c24 سم |
||
| 650 | 0 | 7 |
_2qrmak _aاسرائيل |
| 650 | 0 | 7 |
_2qrmak _aالصهيونية |
| 650 | 0 | 7 |
_2qrmak _aالصهيونية واليهودية |
| 700 | 0 |
_aرانيا بوناصف _eمترجم |
|
| 700 | 0 |
_aبيار ريشا _eمترجم مساعد |
|
| 700 | 0 |
_aهنرى زغيب _eمراجع ومحرر |
|
| 942 |
_2ddc _cBK |
||
| 999 |
_c66292 _d66292 |
||